| 000 | 00337 a2200133 4500 | ||
|---|---|---|---|
| 003 | OSt | ||
| 005 | 20180116182701.0 | ||
| 008 | 160426b xxu||||| |||| 00| 0 eng d | ||
| 040 | _c0 | ||
| 100 | _aMajor Iqbal Hashmi | ||
| 245 | _aThe Bleeding Kashmir | ||
| 260 |
_aRoyal Book Company Pakistan _c1993 |
||
| 942 |
_aNBS _cBK _k954.546 IQB _2ddc |
||
| 999 |
_c344057 _d344057 |
||